Регионална библиотека "Любен Каравелов" - Русе

Управление на реалните инвестиции (Запис номер 101296)

MARC детайли
000 -Лидер
Контролно поле с фиксирана дължина 01668nam a2200361 c 4500
003 - Код на организацията, давaща контролен номер
Контролно поле BLK
005 - Дата и час на последна редакция
Контролно поле 20180420230059.0
008 - Елементи от данни с фиксирана дължина
fixed length control field 180409b bul|||||r ||||||| ||bul||
010 ## - Наследен системен номер
LC control number KNG00106339000
020 ## - Международен стандартен номер на книга ISBN
Международен стандартен номер на книга ISBN 954-9574-98-9
-- издат.: Тракия-М
040 ## - Източник на каталожния запис
Идентификатор на билиотеката - собственик на записа BLK
041 ## - Код за език
Код за езика на текст/звукозапис или на отделно заглавие Български
Код за езика КДБФ Български
080 ## - УДК
Текстов определител УДК Капиталовложения. Образуване на капитала. Инвестиции
УДК код - определител по УДК 330.322
УДК определител
УДК - код + определител 330.322
080 ## - УДК
Текстов определител УДК Финанси на стопанските организации (вкл. финансиране и управление на финансите). Финанси на стопанския сектор
УДК код - определител по УДК 336.6
УДК определител
УДК - код + определител 336.6
100 1# - Редна дума - Автор
Автор Александров, Крум Стефанов
Авторска отговорност първи автор
R(LIN) 244730
139 ## - Редно поле
Редна дума Александров, Крум Стефанов и др.
Авторски знак Алекс - А 51
245 10 - Сведения за заглавието
Заглавие Управление на реалните инвестиции
Редно поле (дума) Крум Стефанов Александров; съавт. Йорданка Желязкова.
257 ## - Страна на издаване
Страна на създаване/издаване България
260 ## - Област на издателските данни
-- София
Име на издателя, разпространителя и проч. Тракия-М
Година на издаване 2002
Печатница Враца : Полипринт
300 ## - Физическа характеристика
Страници 251 с.
Размери/Мащаб 21 см
380 ## - Жанр
Жанр Обществени науки
500 ## - Общи забележки
Забележка В кн. означено 2. изд. - Офс. изд. - Библиогр. с. 251.
504 ## - Забележка за наличие на библиография и др
Забележка за наличие на библиография и под. 251
650 #4 - Допълнително описание по предмет – тема
Основно описание – тема или топоним Инвестиции - организация и управление
9 (RLIN) 252797
653 ## - Ключова дума – ненормативна
Ключова дума инвестиции
653 ## - Ключова дума – ненормативна
Ключова дума управление
700 1# - Други автори (авторска отговорност)
Лично име Желязкова, Йорданка
Автороска отговорност (Описва отношението между автора и произведението) съавт.
9 (RLIN) 308768
852 ## - Местоположение
Форматна сигнатура Цб 214966
856 4# - Електронен адрес и достъп
Електронен формат pdf - файл
Път до файла /url/
856 4# - Електронен адрес и достъп
Електронен формат pdf - файл
Път до файла /url/
942 ## - АРТИКУЛИ
Вид на библиотечния материал Книги
Скрит в OPAC Не
944 ## - СЪЗДАВАНЕ И РЕДАКЦИЯ на ЗАПИСА
Създаване/Редакция Създаване
Дата на регистрацията/редакция 01.01.2002
Служител, извършил регистрацията/редакцията Кети_Илиева
944 ## - СЪЗДАВАНЕ И РЕДАКЦИЯ на ЗАПИСА
Създаване/Редакция Редакция
Дата на регистрацията/редакция 14.11.2012
Служител, извършил регистрацията/редакцията
999 ## - СИСТЕМНИ КОНТРОЛНИ НОМЕРА
Koha biblionumber 101296
Koha biblioitemnumber 101296
Наличности
Код за отписване Код за изгубен артикул Код за повреда Коз за рестрикции Код за отдаване Артикулен № Име на библиотеката - собственик Име на библиотеката, в която се намира в момента Статус (Текущо местоположение) Дата на вписване в системата Местоположение - отдел Цена в лева Инвентарен номер Систематично азбучна сигнатура Баркод Номер на екземпляра Цена в евро Служебна бележка Служебен тип на артикула
  Не е изгубен Не е повреден без рестрикции ползва се в читалня 163038 Регионална библиотека "Любен Каравелов" Русе Регионална библиотека "Любен Каравелов" Русе Читалня 2003-05-27 Читалня 12.00 120000676421 Ч 330/А 51 120000676421 1 6.14 Дост: Pk Вид: Ф N: 2 Дата: 26.05.2003 Дата инв: 22.03.2017 Бележки инв: Ч2017 Книги
  Не е изгубен Не е повреден без рестрикции ползва се в читалня 163039 Регионална библиотека "Любен Каравелов" Русе Регионална библиотека "Любен Каравелов" Русе Хранилище 2005-10-26 Хранилище 0.00 120000697610 Цб 214966 120000697610 2 0.00 Дост: Dp Вид: Д N: 45 Дата: 20.10.2004 Книги
Vip Innovations Ltd, Rousse, Bulgaria 2025